Sports Quiz

Random Sports or College Quiz
Score 0/104 Timer 20:00
0 Plays Today
Hint Answer % Correct
Ricky WilliamsTexas
96.4%
Ron DayneWisconsin
96.4%
Eddie GeorgeOhio State
94.5%
Edgerrin JamesMiami FL
94.5%
Jerome BettisNotre Dame
92.7%
Ki-Jana CarterPenn State
92.7%
Rashaan SalaamColorado
90.9%
Tim BiakabutukaMichigan
90.9%
Lawrence PhillipsNebraska
89.1%
Shaun AlexanderAlabama
89.1%
Marshall FaulkSan Diego State
87.3%
Tyrone WheatleyMichigan
87.3%
Warrick DunnFlorida State
85.5%
Tiki BarberVirginia
85.5%
Curtis EnisPenn State
85.5%
Robert SmithOhio State
80%
Terrell DavisGeorgia
80%
Thomas JonesVirginia
80%
Garrison HearstGeorgia
78.2%
Karim Abdul JabbarUCLA
78.2%
Ahman GreenNebraska
78.2%
Fred TaylorFlorida
76.4%
Kevin FaulkLSU
76.4%
Curtis MartinPittsburgh
74.5%
Jamal LewisTennessee
74.5%
Mike AlstottPurdue
72.7%
Stephen DavisAuburn
72.7%
Troy DavisIowa State
72.7%
Tommy VardellStanford
70.9%
Errict RhettFlorida
70.9%
Napoleon KaufmanWashington
70.9%
Darnell AutryNorthwestern
70.9%
Byron HanspardTexas Tech
69.1%
Edgar BennettFlorida State
61.8%
Cory SchlesingerNebraska
61.8%
Hint Answer % Correct
Joel MakovickaNebraska
61.8%
Autry DensonNotre Dame
61.8%
William FloydFlorida State
60%
Chris Fuamatu-Ma'afalaUtah
60%
Olandis GaryGeorgia
60%
Trung CanidateArizona
60%
J.R. RedmondArizona State
58.2%
Natrone MeansUNC
56.4%
Skip HicksUCLA
56.4%
Siran StacyAlabama
54.5%
Antowain SmithHouston
54.5%
Amos ZereoueWest Virginia
54.5%
Greg Hill Texas A&M
52.7%
Charlie GarnerTennessee
52.7%
Bam MorrisTexas Tech
52.7%
Jamal AndersonUtah
50.9%
John AveryOle Miss
50.9%
Rob KonradSyracuse
50.9%
Amp LeeFlorida State
49.1%
James StewartTennessee
49.1%
Robert EdwardsGeorgia
49.1%
Corey Dillon Washington
47.3%
Travis PrenticeMiami Ohio
47.3%
Vaughn DunbarIndiana
45.5%
Glyn MilburnStanford
45.5%
Sammy MorrisTexas Tech
43.6%
Rodney CulverNotre Dame
41.8%
Lamar SmithHouston
41.8%
Rodney ThomasTexas A&M
40%
Zack CrockettFlorida State
38.2%
Tavian BanksIowa
34.5%
Terry KirbyVirginia
32.7%
Calvin JonesNebraska
32.7%
Dorsey LevensGeorgia Tech
32.7%
Mike AndersonUtah
32.7%
Hint Answer % Correct
Duce StaleySouth Carolina
30.9%
Mario BatesArizona State
29.1%
James Stewart Miami FL
29.1%
Charles WayVirginia
29.1%
Ricky Williams (Yes, there were two)Texas Tech
29.1%
Donnell BennettMiami FL
27.3%
William HendersonUNC
27.3%
Travis JerveyThe Citadel
27.3%
Jim KleinsasserNorth Dakota
27.3%
Rondell MealeyLSU
27.3%
Richie AndersonPenn State
25.5%
Robert HolcombeIllinois
25.5%
Ken OxendineVirginia Tech
25.5%
Shawn BrysonTennessee
25.5%
Reuben DroughnsOregon
25.5%
Shyrone StithVirginia Tech
25.5%
Adrian MurrellWest Virginia
23.6%
Michael PittmanFresno State
23.6%
Fred BeasleyAuburn
21.8%
Doug ChapmanMarshall
21.8%
Stanley PritchettSouth Carolina
20%
Leon JohnsonUNC
20%
Jon RitchieStanford
20%
Rashaan SheheeWashington
20%
Jonathan LintonUNC
20%
J.J. JohnsonMississippi State
20%
Roosevelt PottsLouisiana Monroe
18.2%
Patrick PassGeorgia
18.2%
June HenleyKansas
16.4%
Lorenzo NealFresno State
12.7%
Michael WileyKansas State
12.7%
Ronald MoorePittsburg State
10.9%
Greg RobinsonLouisiana Monroe
9.1%
Joe AskaCentral Oklahoma
7.3%
Remove Ads.
Support Sporcle.
Get the best of Sporcle when you Go Orange. This ad-free experience offers more features, more stats, and more fun while also helping to support Sporcle. Thank you for becoming a member.

You're not logged in!

Compare scores with friends on all Sporcle quizzes.
OR
Log In

Show Comments

Extras

Created Jan 1, 2015ReportNominate
Tags:College Quiz, Running

Top Quizzes Today


Score Distribution

Your Account Isn't Verified!

In order to create a playlist on Sporcle, you need to verify the email address you used during registration. Go to your Sporcle Settings to finish the process.

Report this User

Report this user for behavior that violates our Community Guidelines.

Details: